Analýza stratégie nízkonákladových leteckých spoločnosti počas COVID-19 bakalárska práca

Saved in:
Bibliographic Details
Main Author: Pálová, Nela
Corporate Author: Národohospodárska fakulta EU. Katedra financií
Other Authors: Vojtasová, Mária, 1997-
Format: Book
Language:Slovak
Published: Bratislava 2024
Tags: Add Tag
No Tags, Be the first to tag this record!

MARC

LEADER 00000nbm a2200000 4500
001 0304039
005 20241028104632.5
041 0 |a slo 
044 |a SK 
245 1 0 |a Analýza stratégie nízkonákladových leteckých spoločnosti počas COVID-19  |b bakalárska práca  |c Nela Pálová ; školiteľ: Mária Vojtasová 
264 1 |a Bratislava  |c 2024 
300 |a 46 s. 
100 1 |a Pálová, Nela 
700 1 |a Vojtasová, Mária, 1997- 
710 2 |a Národohospodárska fakulta EU. Katedra financií